[Event "London CSC op U2000 7th"]
[Site "London"]
[Date "2015.12.07"]
[Round "1"]
[White "Jago, Stephen TM"]
[Black "Page, Martin C"]
[Result "1/2-1/2"]
[WhiteElo "1589"]
[BlackElo "1858"]
[PlyCount "125"]
[EventDate "2015.12.07"]
[EventType "swiss"]
[EventRounds "9"]
[EventCountry "ENG"]
[SourceTitle "CBM 170 Extra"]
[Source "ChessBase"]
[SourceDate "2016.02.25"]
[SourceVersion "1"]
[SourceVersionDate "2016.02.25"]
[SourceQuality "1"]

1. e4 e6 2. d4 d5 3. Nc3 dxe4 4. Be3 Nf6 5. f3 Nd5 6. Qd2 Nxe3 7. Qxe3 Be7 8. fxe4 Nc6 9. Nf3 0-0 10. Bd3 Nb4 11. 0-0 Nxd3 12. cxd3 b6 13. Ne5 Bb7 14. Ne2 c5 15. dxc5 Bxc5 16. d4 Bd6 17. Nf3 Rc8 18. Rac1 Qd7 19. Rxc8 Rxc8 20. e5 Be7 21. Nc3 h6 22. Ne4 Bxe4 23. Qxe4 Qc6 24. Qxc6 Rxc6 25. Rf2 Kf8 26. b3 Ke8 27. Re2 Bb4 28. Kf2 Rc3 29. Nd2 Rd3 30. Nf3 Bc3 31. Re4 Rd1 32. Ke2 Ra1 33. Kd3 Ba5 34. Re2 Rc1 35. Rc2 Rxc2 36. Kxc2 Bb4 37. a4 Kd7 38. Kd3 Kc6 39. Kc4 a5 40. Ng1 f5 41. exf6 gxf6 42. g4 Bd6 43. h3 Bg3 44. Ne2 Bh2 45. Nc3 Bd6 46. Ne4 f5 47. gxf5 exf5 48. Nf6 f4 49. d5+ Kc7 50. Kd4 Ba3 51. Ke4 Bc1 52. Ng8 Kd7 53. Nxh6 f3 54. Ng4 Kd6 55. Kxf3 Kxd5 56. Ne3+ Kc5 57. Nc2 Kd5 58. h4 Bd2 59. h5 Bh6 60. Ne3+ Kc5 61. Nc2 Kd5 62. Ne3+ Kc5 63. Nc2 1/2-1/2

[Event "British-ch 5-day op AM Week 1"]
[Site "Torquay"]
[Date "2013.08.02"]
[Round "5.5"]
[White "Page, Martin C"]
[Black "Grant, David"]
[Result "1-0"]
[WhiteElo "1812"]
[BlackElo "1863"]
[PlyCount "99"]
[EventDate "2013.07.29"]
[EventType "swiss"]
[EventRounds "5"]
[EventCountry "ENG"]
[SourceTitle "EXT 2023"]
[Source "ChessBase"]
[SourceDate "2022.10.05"]
[SourceVersion "1"]
[SourceVersionDate "2022.10.05"]
[SourceQuality "1"]

1. c4 Nf6 2. Nc3 g6 3. g3 Bg7 4. Bg2 d6 5. d3 e5 6. e4 Nc6 7. Nge2 0-0 8. 0-0 Nd7 9. Rb1 a5 10. a3 Nc5 11. b4 axb4 12. axb4 Ne6 13. b5 Ncd4 14. Nxd4 Nxd4 15. Be3 Ra3 16. Bxd4 exd4 17. Ne2 Bg4 18. h3 Bxe2 19. Qxe2 Qa8 20. Rfd1 Qa5 21. Qg4 Ra2 22. Qd7 Bh6 23. b6 cxb6 24. Qxd6 Qc3 25. Qxb6 Be3 26. Qxb7 Rxf2 27. Kh1 Qc2 28. e5 Re8 29. Rf1 Qxd3 30. Rxf2 Bxf2 31. Rf1 Qxg3 32. c5 d3 33. c6 Qxe5 34. Rxf2 Re7 35. Qb4 Ra7 36. Rf1 Ra1 37. Qd2 Rxf1+ 38. Bxf1 Qf5 39. Qxd3 Qa5 40. Qb5 Qe1 41. Qc4 Qe3 42. c7 Qf3+ 43. Bg2 Qd1+ 44. Qf1 Qd7 45. Qc1 Qc8 46. Qc6 Kg7 47. Qd6 Qe8 48. Qd4+ f6 49. Bb7 Qe1+ 50. Qg1 1-0

[Event "East Devon op"]
[Site "Exeter"]
[Date "2009.03.07"]
[Round "2"]
[White "Payne, Stephen J"]
[Black "Page, Martin C"]
[Result "1-0"]
[WhiteElo "1888"]
[BlackElo "1808"]
[PlyCount "69"]
[EventDate "2009.03.06"]
[EventType "swiss"]
[EventRounds "5"]
[EventCountry "ENG"]
[SourceTitle "EXT 2011"]
[Source "ChessBase"]
[SourceDate "2010.11.26"]
[SourceVersion "1"]
[SourceVersionDate "2010.11.26"]
[SourceQuality "1"]

1. e4 e5 2. f4 d5 3. exd5 e4 4. d3 Nf6 5. dxe4 Nxe4 6. Nf3 Bc5 7. Qe2 Qe7 8. Nc3 Bf5 9. Be3 Bxe3 10. Qxe3 Nxc3 11. Qxe7+ Kxe7 12. bxc3 Nd7 13. 0-0-0 Nc5 14. Nd4 Kf6 15. Nxf5 Kxf5 16. g3 Rhe8 17. Bb5 Re7 18. Rhe1 Rxe1 19. Rxe1 a6 20. Re5+ Kf6 21. Bd3 g6 22. Kd2 Rd8 23. c4 Rd6 24. Kc3 Rb6 25. Kd4 Nd7 26. Re2 Rb2 27. g4 b6 28. g5+ Kg7 29. Re7 Nc5 30. Rxc7 Rxa2 31. Rxc5 bxc5+ 32. Kxc5 Rb2 33. d6 Kf8 34. Kc6 Ke8 35. Kc7 1-0

[Event "East Devon op"]
[Site "Exeter"]
[Date "2009.03.06"]
[Round "1"]
[White "Page, Martin C"]
[Black "Dilleigh, Stephen P"]
[Result "0-1"]
[WhiteElo "1808"]
[BlackElo "2000"]
[PlyCount "100"]
[EventDate "2009.03.06"]
[EventType "swiss"]
[EventRounds "5"]
[EventCountry "ENG"]
[SourceTitle "EXT 2011"]
[Source "ChessBase"]
[SourceDate "2010.11.26"]
[SourceVersion "1"]
[SourceVersionDate "2010.11.26"]
[SourceQuality "1"]

1. e4 e6 2. d4 d5 3. Nd2 a6 4. Ngf3 c5 5. exd5 exd5 6. Be2 c4 7. 0-0 Bd6 8. Re1 Ne7 9. Nf1 Nbc6 10. c3 0-0 11. b3 b5 12. a4 Bb7 13. b4 Ng6 14. Be3 Qc7 15. Qc2 Rae8 16. Ra2 f5 17. Rb1 f4 18. Bc1 Bc8 19. Rbb2 Qe7 20. Qd1 Qf6 21. h3 Nge7 22. N1h2 g5 23. Ne1 Bf5 24. Bf3 Be4 25. Nc2 Rc8 26. Na3 Rb8 27. Ra1 Nf5 28. Nc2 Nh4 29. Rba2 Nxf3+ 30. Nxf3 Qg6 31. Nd2 f3 32. Nxe4 dxe4 33. Ne3 h5 34. axb5 axb5 35. g3 Ne7 36. Nf1 Nd5 37. Qd2 Bf4 38. Qe1 h4 39. g4 Bc7 40. Ne3 Nf4 41. Nf5 Nxh3+ 42. Kh1 Rxf5 43. Qf1 Nxf2+ 44. Qxf2 Rf6 45. Be3 Bg3 46. Qg1 Qe8 47. Bxg5 Rg6 48. Qe3 Qe6 49. Bf4 Qxg4 50. Bxg3 hxg3 0-1

[Event "Beacon Seniors op"]
[Site "Exmouth"]
[Date "2008.11.20"]
[Round "4"]
[White "Adams, Martyn W"]
[Black "Page, Martin C"]
[Result "1/2-1/2"]
[WhiteElo "1672"]
[BlackElo "1808"]
[PlyCount "39"]
[EventDate "2008.11.17"]
[EventType "swiss"]
[EventRounds "5"]
[EventCountry "ENG"]
[SourceTitle "EXT 2011"]
[Source "ChessBase"]
[SourceDate "2010.11.26"]
[SourceVersion "1"]
[SourceVersionDate "2010.11.26"]
[SourceQuality "1"]

1. d4 d5 2. Bf4 Nf6 3. e3 e6 4. Nf3 Bd6 5. Ne5 Bxe5 6. Bxe5 Nbd7 7. Bg3 c5 8. c3 b6 9. Nd2 Bb7 10. Bd3 0-0 11. 0-0 Ne4 12. Nxe4 dxe4 13. Bb5 a6 14. Bxd7 Qxd7 15. dxc5 Qc6 16. cxb6 Qxb6 17. Qb3 Qc6 18. Rfd1 Rfd8 19. Rd4 Rxd4 20. cxd4 1/2-1/2

[Event "Beacon Seniors op"]
[Site "Exmouth"]
[Date "2008.11.19"]
[Round "3"]
[White "Page, Martin C"]
[Black "Hannan, Peter"]
[Result "1/2-1/2"]
[WhiteElo "1808"]
[BlackElo "1680"]
[PlyCount "62"]
[EventDate "2008.11.17"]
[EventType "swiss"]
[EventRounds "5"]
[EventCountry "ENG"]
[SourceTitle "EXT 2011"]
[Source "ChessBase"]
[SourceDate "2010.11.26"]
[SourceVersion "1"]
[SourceVersionDate "2010.11.26"]
[SourceQuality "1"]

1. e4 e5 2. Nf3 d6 3. d4 Nf6 4. Nc3 Nbd7 5. Be2 c6 6. 0-0 Be7 7. Be3 0-0 8. h3 a5 9. a4 Qe8 10. Qd2 Bd8 11. Rad1 Qe7 12. Nh4 Nb6 13. dxe5 dxe5 14. Qd6 Qxd6 15. Rxd6 Bc7 16. Rd2 Be6 17. Nf3 Nc4 18. Bxc4 Bxc4 19. Rfd1 Rfe8 20. Bc5 b5 21. axb5 cxb5 22. Nd5 Bxd5 23. exd5 Ne4 24. d6 Nxd2 25. dxc7 Nxf3+ 26. gxf3 Rac8 27. Bb6 a4 28. c3 e4 29. fxe4 Rxe4 30. Rd8+ Re8 31. Rd5 Re6 1/2-1/2

[Event "East Devon op"]
[Site "Exeter"]
[Date "2006.03.04"]
[Round "2"]
[White "Page, Martin C"]
[Black "Sully, David John"]
[Result "1/2-1/2"]
[WhiteElo "1808"]
[BlackElo "2032"]
[PlyCount "34"]
[EventDate "2006.03.03"]
[EventType "swiss"]
[EventRounds "5"]
[EventCountry "ENG"]
[SourceTitle "EXT 2007"]
[Source "ChessBase"]
[SourceDate "2006.11.23"]
[SourceVersion "1"]
[SourceVersionDate "2006.11.23"]
[SourceQuality "1"]

1. d4 e6 2. e4 d5 3. Nc3 Nf6 4. Bg5 dxe4 5. Nxe4 Be7 6. Nxf6+ Bxf6 7. Bxf6 Qxf6 8. Nf3 Nd7 9. Bd3 0-0 10. 0-0 c5 11. c3 Rd8 12. Qe2 Rb8 13. Rad1 b6 14. Ba6 Bb7 15. Bxb7 Rxb7 16. Rd2 cxd4 17. Rxd4 Nf8 1/2-1/2

[Event "Beacon Seniors op 60+"]
[Site "Exmouth"]
[Date "2005.11.17"]
[Round "4"]
[White "Page, Martin C"]
[Black "Jones, Robert H"]
[Result "1-0"]
[WhiteElo "1808"]
[BlackElo "1648"]
[PlyCount "69"]
[EventDate "2005.11.14"]
[EventType "swiss"]
[EventRounds "5"]
[EventCountry "ENG"]
[SourceTitle "EXT 2007"]
[Source "ChessBase"]
[SourceDate "2006.11.23"]
[SourceVersion "1"]
[SourceVersionDate "2006.11.23"]
[SourceQuality "1"]

1. d4 Nf6 2. c4 e6 3. Nc3 Bb4 4. e3 c5 5. Bd3 Bxc3+ 6. bxc3 b6 7. e4 d6 8. Nf3 h6 9. e5 Ng8 10. exd6 Qxd6 11. Be4 Nc6 12. Bf4 Qd7 13. Ne5 Nxe5 14. Bxa8 Nxc4 15. Qf3 Ne7 16. Be4 0-0 17. 0-0 cxd4 18. cxd4 Ba6 19. Rfd1 f5 20. Bd3 Nd5 21. h4 Qa4 22. Re1 Qd7 23. Qg3 Nxf4 24. Qxf4 e5 25. Bxc4+ Bxc4 26. dxe5 Be6 27. Rad1 Qe7 28. a4 Rc8 29. Rd4 Kh7 30. Red1 g6 31. Qd2 Rc7 32. Qe3 Kg7 33. Rc1 Rb7 34. Qf3 Bd7 35. Rxd7 1-0

[Event "Southend op"]
[Site "London"]
[Date "2001.04.14"]
[Round "4"]
[White "Spence, David"]
[Black "Page, Martin C"]
[Result "1/2-1/2"]
[WhiteElo "2178"]
[BlackElo "1896"]
[PlyCount "88"]
[EventDate "2001.04.13"]
[EventType "swiss"]
[EventRounds "7"]
[EventCountry "ENG"]
[SourceTitle "EXT 2006"]
[Source "ChessBase"]
[SourceDate "2005.11.24"]
[SourceVersion "1"]
[SourceVersionDate "2005.11.24"]
[SourceQuality "1"]

1. e4 c5 2. c3 d5 3. exd5 Qxd5 4. d4 e6 5. Nf3 Nf6 6. Be2 Nc6 7. 0-0 Be7 8. c4 Qd8 9. dxc5 Qxd1 10. Rxd1 Bxc5 11. Nc3 0-0 12. Bg5 Be7 13. a3 h6 14. Bh4 e5 15. Nd5 Nxd5 16. cxd5 Bxh4 17. dxc6 Bf6 18. c7 Be6 19. Bb5 Rac8 20. Rac1 Kh7 21. Bd3+ g6 22. Be4 b6 23. Bd5 Bxd5 24. Rxd5 Kg7 25. Nxe5 Rfe8 26. f4 Re7 27. Kf2 Rexc7 28. Rcd1 Rc2+ 29. R1d2 Rxd2+ 30. Rxd2 Bxe5 31. fxe5 Kf8 32. Rd7 Rc2+ 33. Kf3 Rxb2 34. Rxa7 Ra2 35. h4 b5 36. Ra5 Rb2 37. Ra7 Ra2 38. Ra5 Rb2 39. g3 b4 40. axb4 Rxb4 41. Ra3 h5 42. Ra7 Rc4 43. Ke3 Rb4 44. Rd7 Rg4 1/2-1/2